|
|
|
|
| LEADER |
00907nam a2200217 a 4500 |
| 001 |
00024518 |
| 008 |
120308s2001 caua 001 0 eng d |
| 040 |
|
|
|a BD-DhAAL
|c BD-DhAAL
|
| 020 |
|
|
|a 1893115941
|
| 082 |
0 |
0 |
|a 005.437
|2 22
|
| 100 |
1 |
|
|a Spolsky,Joel
|
| 245 |
1 |
0 |
|a User interface design for programmers /
|c Joel Spolsky
|
| 260 |
|
|
|a Berkeley, CA :
|b Apress ;
|a New York :
|b Distributed to the book trade worldwide by SPringer-Verlag,
|c c2001.
|
| 300 |
|
|
|a xv, 144 p. :
|b ill. (some col.) ;
|c 24 cm.
|
| 490 |
1 |
|
|a Books for professionals by professionals.
|
| 504 |
|
|
|a Includes index.
|
| 541 |
1 |
|
|e 00024518
|
| 650 |
|
0 |
|a User interfaces (Computer systems)
|
| 852 |
1 |
|
|a Ayesha Abed Library
|j General shelf
|
| 999 |
|
|
|c 11943
|d 11943
|
| 952 |
|
|
|0 0
|1 0
|4 0
|6 005_437000000000000_SPO
|7 0
|9 19608
|a BRACUL
|b BRACUL
|c GEN
|d 2012-03-08
|e Trim Education
|g 2475.00
|l 5
|m 24
|o 005.437 SPO
|p 3010024518
|r 2024-10-22
|s 2024-07-02
|t 1
|w 2012-03-08
|y BK
|